[Event "Pohár města Říčany 2018"]
[Site "Městské kulturní středisko U labutě"]
[Date "2019.08.27"]
[Round "5.25"]
[White "Salac, Jiri"]
[Black "Rerabek, Jaroslav"]
[Result "1/2-1/2"]
[WhiteElo "1881"]
[BlackElo "1733"]
[PlyCount "0"]
[EventDate "2019.08.24"]

1. d4 Nf6 2. Nc3 d5 3. g3 c6 4. Bg2 Bf5 5. Nf3 h6 6. Ne5 e6 7. O-O Bd6 8. Nd3
Nbd7 9. Re1 Qc7 10. e4 dxe4 11. Nxe4 Nxe4 12. Bxe4 Bxe4 13. Rxe4 Nf6 14. Re1 Qb6
15. Be3 Nd5 16. Qe2 Nxe3 17. Qxe3 O-O 18. c4 Be7 19. d5 Qxe3 20. Rxe3 cxd5
21. cxd5 Bg5 22. f4 Bf6 23. Ne5 exd5 24. Rd1 Rad8 25. Red3 d4 26. Rxd4 Rxd4
27. Rxd4 Rd8 1/2-1/2

[Event "Pohár města Říčany 2018"]
[Site "Městské kulturní středisko U labutě"]
[Date "2019.08.27"]
[Round "5.26"]
[White "Lhotsky, Frantisek"]
[Black "Strnad, Michael"]
[Result "1-0"]
[WhiteElo "1865"]
[BlackElo "1726"]
[PlyCount "0"]
[EventDate "2019.08.24"]

1. d4 d5 2. c4 c6 3. Nc3 Nf6 4. Nf3 e6 5. e3 Nbd7 6. Qc2 Be7 7. Bd3 dxc4
8. Bxc4 b5 9. Bd3 Bb7 10. a3 a6 11. b4 a5 12. Rb1 axb4 13. axb4 Nd5 14. Nxd5
exd5 15. Bxh7 g6 16. Bxg6 fxg6 17. Qxg6+ Kf8 18. e4 Bf6 19. e5 Bg7 20. Bg5 1-0

[Event "Pohár města Říčany 2018"]
[Site "Městské kulturní středisko U labutě"]
[Date "2019.08.27"]
[Round "5.27"]
[White "Kalvach, Ladislav"]
[Black "Smolik, Jachym"]
[Result "0-1"]
[WhiteElo "1784"]
[BlackElo "1891"]
[PlyCount "0"]
[EventDate "2019.08.24"]

1. e4 c5 2. Ne2 e5 3. Nbc3 Ne7 4. g3 d5 5. exd5 Nxd5 6. Bg2 Be6 7. O-O Nc6
8. d3 Be7 9. f4 Nxc3 10. Nxc3 Qd7 11. Be3 O-O 12. Ne4 b6 13. fxe5 Bg4 14. Nf6+
Bxf6 15. Bxc6 Qxc6 16. Rxf6 Qxf6 17. Qxg4 Qxe5 18. Bf4 Qxb2 19. Rf1 f5 20. Qf3
Rad8 21. a4 Qxc2 22. Qc6 Qxd3 23. Re1 Qd4+ 24. Be3 Qd5 25. Qb5 Rfe8 26. a5 Qd3
0-1

[Event "Pohár města Říčany 2018"]
[Site "Městské kulturní středisko U labutě"]
[Date "2019.08.27"]
[Round "5.28"]
[White "Kovar, Jan"]
[Black "Day, Tobias"]
[Result "1/2-1/2"]
[WhiteElo "1885"]
[BlackElo "1761"]
[PlyCount "0"]
[EventDate "2019.08.24"]

1. e4 c5 2. Nf3 d6 3. Bb5+ Bd7 4. Bxd7+ Qxd7 5. c4 Nf6 6. Nc3 g6 7. d4 cxd4
8. Nxd4 Bg7 9. f3 O-O 10. Be3 a6 11. O-O Rc8 12. Qd3 Nc6 13. b3 Qc7 14. Rac1
Rab8 15. Nd5 Ne5 16. Qe2 Nxd5 17. exd5 Qa5 18. Bf2 Rc7 19. a4 Rbc8 20. Rfd1 Kf8
1/2-1/2

[Event "Pohár města Říčany 2018"]
[Site "Městské kulturní středisko U labutě"]
[Date "2019.08.27"]
[Round "5.29"]
[White "Nentvich, Libor"]
[Black "Hampel, Rudolf"]
[Result "0-1"]
[WhiteElo "1822"]
[BlackElo "1660"]
[PlyCount "0"]
[EventDate "2019.08.24"]

1. e4 c5 2. Nf3 e6 3. d4 cxd4 4. Nxd4 Nf6 5. Nc3 Nc6 6. Be3 Bb4 7. Bd3 d5
8. exd5 exd5 9. O-O O-O 10. Nce2 Bg4 11. c3 Bd6 12. Qc2 Rc8 13. a3 Ne5 14. Bf5
Bxf5 15. Nxf5 Bb8 16. Bg5 Qc7 17. Neg3 Ne4 18. Ne7+ Kh8 19. Nxd5 Nf3+ 20. gxf3
Qe5 21. Nxe4 Qxh2# 0-1

[Event "Pohár města Říčany 2018"]
[Site "Městské kulturní středisko U labutě"]
[Date "2019.08.27"]
[Round "5.30"]
[White "Dubnicka, Augustin"]
[Black "Bartos, Vaclav"]
[Result "1-0"]
[WhiteElo "1734"]
[BlackElo "1809"]
[PlyCount "0"]
[EventDate "2019.08.24"]

1. d4 Nf6 2. Bf4 c5 3. c3 b6 4. e3 Bb7 5. Nf3 g6 6. Nbd2 Bg7 7. Bd3 O-O 8. h4
Nh5 9. Bh2 d6 10. Qc2 Nd7 11. g4 Nhf6 12. Rg1 Re8 13. h5 e5 14. dxe5 dxe5
15. hxg6 hxg6 16. Bc4 Re7 17. O-O-O a6 18. g5 Nh7 19. Nh4 Nhf8 20. Ne4 Bxe4
21. Qxe4 Re6 1-0

[Event "Pohár města Říčany 2018"]
[Site "Městské kulturní středisko U labutě"]
[Date "2019.08.27"]
[Round "5.31"]
[White "Otrubova, Kristyna"]
[Black "Dome, Michal"]
[Result "1/2-1/2"]
[WhiteElo "1712"]
[BlackElo "1799"]
[PlyCount "0"]
[EventDate "2019.08.24"]

1. e4 e6 2. b3 d5 3. Bb2 dxe4 4. Nc3 Nf6 5. Qe2 Be7 6. O-O-O c6 7. Nxe4 Nxe4
8. Qxe4 Bf6 9. Nf3 a5 10. a4 Bxb2+ 11. Kxb2 Qf6+ 12. Kb1 Na6 13. g4 Nc5 14. Qe3
Qe7 15. g5 Bd7 16. Qe5 O-O 17. d4 Nxa4 18. bxa4 Qb4+ 19. Ka2 Qxa4+ 20. Kb2 Qb4+
21. Ka2 Qa4+ 22. Kb2 Qb4+ 23. Ka2 Qa4+ 1/2-1/2

[Event "Pohár města Říčany 2018"]
[Site "Městské kulturní středisko U labutě"]
[Date "2019.08.27"]
[Round "5.32"]
[White "Konvalinka, Vladislav"]
[Black "Paulovic, Milan"]
[Result "1-0"]
[BlackElo "1788"]
[EventDate "2019.08.24"]
[PlyCount "0"]
[WhiteElo "1657"]

1. d4 Nf6 2. c4 e5 3. dxe5 Ng4 4. e3 Nxe5 5. Nh3 Bb4+ 6. Bd2 Qe7 7. Nc3 c6 8.
Nf4 O-O 9. Be2 d6 10. O-O Bf5 11. Ncd5 cxd5 12. Nxd5 Qd8 13. Bxb4 Nbc6 14. Bc3
Be4 15. f3 Bxd5 16. Qxd5 Qb6 17. Qd2 Rfe8 18. Kh1 Re6 19. e4 Rae8 20. Rae1 Rh6
21. f4 Nd7 22. Bd3 Ree6 23. f5 Re8 24. Rf3 Nde5 25. Rg3 Rh4 26. Qg5 Rg4 27.
Rxg4 g6 28. Qh6 Nd4 29. Bxd4 Qxd4 30. f6 Nxg4 31. Qg7#  1-0

[Event "Pohár města Říčany 2018"]
[Site "Městské kulturní středisko U labutě"]
[Date "2019.08.27"]
[Round "5.33"]
[White "Feierfeil, Jiri"]
[Black "Vit, Zdenek"]
[Result "0-1"]
[WhiteElo "1671"]
[BlackElo "1747"]
[PlyCount "0"]
[EventDate "2019.08.24"]

1. d4 Nf6 2. c4 g6 3. Nc3 d5 4. cxd5 Nxd5 5. e4 Nxc3 6. bxc3 Bg7 7. Bc4 O-O
8. Ne2 c5 9. Be3 Nc6 10. O-O cxd4 11. cxd4 Na5 12. Bd3 b6 13. Rc1 e6 14. Qd2 Bb7
15. Rfd1 Qd7 16. Bh6 Rfc8 17. Bxg7 Kxg7 18. Qb2 Kg8 19. Bb5 Bc6 20. Bxc6 Rxc6
21. Rxc6 Nxc6 22. Qb5 Rd8 23. d5 Ne7 24. Qb2 exd5 25. e5 Qa4 26. Rd4 Qa5 27. Rd1
d4 28. f4 Nf5 29. Ng3 Ne3 30. Rc1 d3 31. e6 fxe6 32. Qf6 Qd5 33. Ne4 d2 34. Rd1
Nxd1 35. Nxd2 Qd4+ 0-1